000 00552nam a2200181Ia 4500
008 100917s9999 xx 000 0 und d
082 _b62226
100 _aहिवराळे सुखराम
245 _aआभाळ आणि जागरण
260 _bप्रचार प्रकाशन
_c---
300 _a147
365 _b17
520 _aकादंबरी
630 _aआभाळ आणि जागरण
650 _aकादंबरी
730 _aआभाळ आणि जागरण
942 _cBOOK
999 _c667620
_d667617